Concise Encyclopedia of the Philosophy of Religion (Record no. 13833)

MARC details
000 -LEADER
fixed length control field 00635nam a2200241 a 4500
020 ## - INTERNATIONAL STANDARD BOOK NUMBER
ISBN 1851683011
082 00 - DEWEY DECIMAL CLASSIFICATION NUMBER
Classification number 190.3
Author Cutter THI
100 ## - MAIN ENTRY--AUTHOR NAME
Author name Thiselton, Anthony C
245 ## - TITLE STATEMENT
Title Concise Encyclopedia of the Philosophy of Religion
260 ## - PUBLICATION, DISTRIBUTION, ETC. (IMPRINT)
Place of publication Oxford
Name of publisher One World Publications
Year of publication 2006
300 ## - PHYSICAL DESCRIPTION
Number of Pages 344p
500 ## - GENERAL NOTE
General note includes index and biblioraphy
505 2# - FORMATTED CONTENTS NOTE
Formatted contents note index
650 ## - SUBJECT ADDED ENTRY--TOPICAL TERM
Topical Term Philosophy-Encyclopedia
942 ## - ADDED ENTRY ELEMENTS (KOHA)
Koha item type Books
700 1# -
-- Thiselton, Anthony C
Holdings
Collection code Home library Current library Shelving location Date acquired Cost, normal purchase price Full call number Accession Number Koha item type
Reference Henry Martyn Institute Library Henry Martyn Institute Library Reference 10/09/2013 395.00 190.3 THI 022092 Books
                   Copyright © 2026 | Henry Martyn Institute | Hyderabad | TS-500052 | INDIA | Implemented by hmi.edu.in
Hit-Count:

Powered by Koha